000 00277nam a22001217a 4500
008 180103b xxu||||| |||| 00| 0 eng d
041 _aeng
080 _a038
100 _a23
101 _aFJA
245 _aFUNK& WAGNALLS STANDARD DESK DICTIONARY
_cNEW YORK
942 _2udc
_cBK
999 _c39632
_d39632